MARC

LEADER 00000nam0a2200000 4500
001 119649
005 20231031124703.0
010 |a 5339001997 
020 |a RU  |b 89-66223 
035 |a (RuTPU)RU\TPU\book\129505 
090 |a 119649 
100 |a 20070724d1989 km y0rusy5003 ca 
101 0 |a rus 
102 |a BY 
105 |a a z 001zy 
200 1 |a Ремонт и регулировка бытовой радиоэлектронной аппаратуры  |f С. С. Боровик, М. А. Бродский 
210 |a Минск  |c Вышэйш. шк.  |d 1989 
215 |a 319,[1] с.  |c ил. 
320 |a Библиогр.: с. 313. 
320 |a Предм. указ.: с. 314-317. 
610 1 |a радиоэлектронная аппаратура 
610 1 |a бытовая радиоаппаратура 
610 1 |a ремонт 
610 1 |a регулировка 
675 |a 621.396.6.004.67  |z rus 
700 1 |a Боровик  |b С. С.  |g Сергей Сергеевич  |4 070 
701 1 |a Бродский  |b М. А.  |g Михаил Адольфович  |4 070 
801 0 |a RU  |b RuMRKP  |c 19950417  |g psbo 
801 1 |a RU  |b 63413507  |c 20070724  |g PSBO 
801 2 |a RU  |b 63413507  |c 20080922  |g PSBO 
942 |c BK